logo

Bir Sreshtho Munshi Abdur Rouf Library
Jhenaidah Cadet College

The empty house / (Record no. 7148)

MARC details
000 -LEADER
fixed length control field 00510nam a2200217 4500
001 - CONTROL NUMBER
JCCL Control Number 7148
003 - CONTROL NUMBER IDENTIFIER
JCCL marc code UkOxU
005 - DATE AND TIME OF LATEST TRANSACTION
control field 20180224174101.0
008 - FIXED-LENGTH DATA ELEMENTS--GENERAL INFORMATION
fixed length control field 961021s1958 enk j 000 1 eng d
035 ## - SYSTEM CONTROL NUMBER
system control number (BD-JhCC)7148
040 ## - CATALOGING SOURCE
Original cataloging agency EQO
Transcribing agency EQO
Modifying agency BD-JhCC
041 ## - LANGUAGE CODE
Language code of Book eng
082 ## - DEWEY DECIMAL CLASSIFICATION NUMBER
Classification number 823.914
Author mark and Year POC
100 1# - MAIN ENTRY--PERSONAL NAME
Personal name Pocock, Doris
245 14 - TITLE STATEMENT
Title The empty house /
Statement of responsibility, etc Doris Pocock,
260 ## - PUBLICATION, DISTRIBUTION, ETC. (IMPRINT)
Place of publication, distribution, etc Lond. &c.,
Date of publication, distribution, etc [1958].
300 ## - PHYSICAL DESCRIPTION
Pagination 157p .:
Dimensions 18cm
650 ## - SUBJECT ADDED ENTRY--TOPICAL TERM
Topical term or geographic name as entry element Romance Fiction
942 ## - ADDED ENTRY ELEMENTS (KOHA)
Source of classification or shelving scheme Dewey Decimal Classification
Koha item type Books
Holdings
Source of classification or shelving scheme Damaged status Not for loan Home library Current library Shelving location Total Checkouts Full call number Barcode Date last seen Copy number Koha item type
Dewey Decimal Classification     JCC Rouf Library JCC Rouf Library General Stacks   823.914 POC 1958 9622 02/05/2018 C - 1 Books

JCC Library | Contacts | JCC Home

Last Update on 23 September 2017
Copyright @ 2017-2020 JCC Rouf Library
Rouf Library, Jhenidah Cadet College (JCC), Bangladesh